Skip to content
VuFind
Login
All Fields
Title
Author
Subject
Call Number
ISBN/ISSN
Tag
Find
Advanced
Sothababamalini
Cite this
Text this
Email this
Print
Export Record
Export to RefWorks
Export to EndNoteWeb
Export to EndNote
Export to MARC
Export to BibTeX
Export to RIS
Save to List
Permanent link
Sothababamalini
Saved in:
Bibliographic Details
Main Author:
Wimala tiss himi, Ahungalle
Format:
Book
Published:
Colombo
Godage
2013
Subjects:
Buddhism
Tags:
Add Tag
No Tags, Be the first to tag this record!
Holdings
Description
Comments
Similar Items
Staff View
MARC
LEADER
00000nam a2200000 a 4500
020
|a
9789553038975
082
|a
294.3
100
|a
Wimala tiss himi, Ahungalle
245
|a
Sothababamalini
260
|a
Colombo
|b
Godage
|c
2013
300
|a
156p. ; 21cm.
653
|a
Buddhism
942
|c
AFW
999
|c
180622
|d
180622
Similar Items
Nanisuru : varshika sangrahaya 2002
by: Wimala himi, Makulave
Published: (2002)
Rajakiya Panditha Nitalawa Sri Gnanissara Nahimiyange Saddharmopadeshaya
by: Wimala himi, Makulawe ed
Published: (2007)
Sothabbamalani Sinhala Pariwarthanaya
by: Wimalanandithissa, Ahungalle comp
Published: (1998)
Tulanatmaka bauddha sanskrutiya
by: Wijayasuriya, Wimala
Published: (1968)
Piyumen nagena daham suvanda
by: Wimala himi, Yatiravana
Published: (2009)